000 00698nam a2200229Ia 4500
005 20260704175957.0
008 260704s9999||||xx |||||||||||||| ||und||
020 _a9780143333289
_qpbk
082 _a891.44301
_bRAY
100 _aRay, Satyajit
245 4 _aThe mystery of Munroe Island and other stories
260 _aGurgaon
_bPuffin Books/Penguin Random House India
_c2015
300 _a381p. ; 18cm.
653 _aAdventure stories, Indic
653 _aDetective and mystery stories, Indic
653 _aIndia—Fiction
653 _aJuvenile fiction, Indic
653 _aShort stories, Indic
653 _aShort stories, Indic
700 _aMajumdar, Indrani [tr.]
942 _cBK
999 _c57368
_d57368